<?xml version="1.0" encoding="UTF-8"?>
<record
    xmlns:xsi="http://www.w3.org/2001/XMLSchema-instance"
    xsi:schemaLocation="http://www.loc.gov/MARC21/slim http://www.loc.gov/standards/marcxml/schema/MARC21slim.xsd"
    xmlns="http://www.loc.gov/MARC21/slim">

  <leader>01606nam a2200325 i 4500</leader>
  <controlfield tag="001">768714001</controlfield>
  <controlfield tag="003">CO-MdFUSB</controlfield>
  <controlfield tag="005">20230922123727.0</controlfield>
  <controlfield tag="007">ta</controlfield>
  <controlfield tag="008">180508t2014    -us |||| |||| 00| 0 eng d</controlfield>
  <datafield tag="020" ind1=" " ind2=" ">
    <subfield code="a">9781848714632</subfield>
  </datafield>
  <datafield tag="040" ind1=" " ind2=" ">
    <subfield code="a">CO-MdFUSB</subfield>
    <subfield code="b">spa</subfield>
    <subfield code="c">CO-MdFUSB</subfield>
    <subfield code="d">CO-MdFUSBC</subfield>
    <subfield code="e">rda</subfield>
  </datafield>
  <datafield tag="041" ind1="0" ind2=" ">
    <subfield code="a">eng</subfield>
  </datafield>
  <datafield tag="082" ind1="0" ind2="4">
    <subfield code="a">230 </subfield>
    <subfield code="2">23</subfield>
    <subfield code="b">C168m</subfield>
  </datafield>
  <datafield tag="100" ind1="1" ind2=" ">
    <subfield code="a">Calvino, Juan (1509-1564)</subfield>
    <subfield code="e">autor</subfield>
  </datafield>
  <datafield tag="245" ind1=" " ind2="0">
    <subfield code="a">Institutes of the christian religion </subfield>
    <subfield code="c">/ John Calvin ; traducido Hanry Beveridge ; traducido por Robert White</subfield>
  </datafield>
  <datafield tag="264" ind1=" " ind2="1">
    <subfield code="a">Grand Rapids, MI., USA : </subfield>
    <subfield code="b">The Banner of Truth Trust, </subfield>
    <subfield code="c">[ 2014]</subfield>
  </datafield>
  <datafield tag="264" ind1=" " ind2="4">
    <subfield code="c">&#xA9; 2014</subfield>
  </datafield>
  <datafield tag="300" ind1=" " ind2=" ">
    <subfield code="c">; </subfield>
  </datafield>
  <datafield tag="336" ind1=" " ind2=" ">
    <subfield code="2">rdacontent</subfield>
    <subfield code="a">texto</subfield>
    <subfield code="b">txt</subfield>
  </datafield>
  <datafield tag="337" ind1=" " ind2=" ">
    <subfield code="2">rdamedia</subfield>
    <subfield code="a">sin mediaci&#xF3;n</subfield>
    <subfield code="b">n</subfield>
  </datafield>
  <datafield tag="338" ind1=" " ind2=" ">
    <subfield code="2">rdacarrier</subfield>
    <subfield code="a">volumen</subfield>
    <subfield code="b">nc</subfield>
  </datafield>
  <datafield tag="505" ind1=" " ind2=" ">
    <subfield code="a">El conocimiento de Dios. -- El conocimiento del hombre y el libre albedr&#xED;o. -- La Ley. -- La fe, con una explicaci&#xF3;n del Credo de los Ap&#xF3;stoles. -- Arrepentimiento. -- Justificaci&#xF3;n por la fe y los m&#xE9;ritos de las obras. -- La similitud y diferencia entre el Antiguo y el Nuevo Testamento. -- La Predestinaci&#xF3;n y Providencia de Dios. -- Oraci&#xF3;n, con explicaci&#xF3;n del Padrenuestro.Los Sacramentos. -- Bautismo. -- La Cena del Se&#xF1;or. -- Las Cinco Ceremonias Falsamente Llamadas Sacramentos. -- Libertad cristiana. -- El poder de la Iglesia. -- Gobierno civil.  -- La vida cristiana.</subfield>
  </datafield>
  <datafield tag="563" ind1=" " ind2=" ">
    <subfield code="a">Pasta dura</subfield>
  </datafield>
  <datafield tag="650" ind1=" " ind2="0">
    <subfield code="a">Teolog&#xED;a dogm&#xE1;tica </subfield>
    <subfield code="9">1260</subfield>
    <subfield code="x">Historia</subfield>
    <subfield code="y">Edad Media, 600-1500</subfield>
  </datafield>
  <datafield tag="653" ind1=" " ind2=" ">
    <subfield code="a">Teolog&#xED;a dogm&#xE1;tica - Primeras obras hasta 1800</subfield>
  </datafield>
  <datafield tag="942" ind1=" " ind2=" ">
    <subfield code="c">BK</subfield>
  </datafield>
  <datafield tag="945" ind1=" " ind2=" ">
    <subfield code="a">JTF-925</subfield>
  </datafield>
  <datafield tag="952" ind1=" " ind2=" ">
    <subfield code="0">0</subfield>
    <subfield code="1">0</subfield>
    <subfield code="2">ddc</subfield>
    <subfield code="4">0</subfield>
    <subfield code="7">0</subfield>
    <subfield code="8">GEN</subfield>
    <subfield code="a">FUSBC</subfield>
    <subfield code="b">FUSBC</subfield>
    <subfield code="d">2023-09-22</subfield>
    <subfield code="l">0</subfield>
    <subfield code="o">G 230  C168in</subfield>
    <subfield code="p">12628</subfield>
    <subfield code="r">2024-10-18 00:00:00</subfield>
    <subfield code="t">Ej. 1</subfield>
    <subfield code="w">2023-09-22</subfield>
    <subfield code="y">BK</subfield>
    <subfield code="k">28</subfield>
  </datafield>
  <datafield tag="999" ind1=" " ind2=" ">
    <subfield code="c">69031</subfield>
    <subfield code="d">69031</subfield>
  </datafield>
</record>
